Normal view
MARC view
- الغرابي، عباس أدريس نور
Entry Personal Name
001 - CONTROL NUMBER
- control field: 66826
003 - CONTROL NUMBER IDENTIFIER
- control field: JO-AjAnu
005 - DATE AND TIME OF LATEST TRANSACTION
- control field: 20251013131138.0
008 - FIXED-LENGTH DATA ELEMENTS
- fixed length control field: 251013|| aca||aabn | a|a d
040 ## - CATALOGING SOURCE
- Original cataloging agency: JO-AjAnu
100 ## - HEADING--PERSONAL NAME
- Personal name: الغرابي، عباس أدريس نور
- Relator term: مؤلف مشارك